| 000 | 00635nam a22002057a 4500 | ||
|---|---|---|---|
| 005 | 20171030114613.0 | ||
| 010 | _aENG-121097 | ||
| 020 |
_a9789350970324 _c270.00 |
||
| 035 | _aEN-104629 | ||
| 037 | _bDBAD/PUB | ||
| 082 | _a530.2462 | ||
| 100 | _aRao, P. Sreenivasa | ||
| 245 |
_aEngineering physics / _cby P. Sreenivasa Rao [and] K. Muralidhar |
||
| 260 |
_aNew Delhi _bManas Publications _c2013 |
||
| 270 |
_a4402/5-A, Ansari Road (Opp HDFC Bank) _bNew Delhi _e110002 |
||
| 300 |
_avol.-1 (229p.) _c23cm(Hb) _bill. |
||
| 500 | _aIncludes index | ||
| 700 | _aK. Muralidhar | ||
| 942 |
_2ddc _cEN _h530.2462 _mRAO |
||
| 999 |
_c146983 _d146983 |
||